Breaking the jaws of silence (Record no. 61373)
[ view plain ]
| 000 -LEADER | |
|---|---|
| fixed length control field | 01422nam a2200373Ia 4500 |
| 245 00 - TITLE STATEMENT | |
| Title | Breaking the jaws of silence |
| 260 ## - PUBLICATION, DISTRIBUTION, ETC. (IMPRINT) | |
| Place of publication | Fayetteville : |
| Name of publisher | University of Arkansas Press, |
| Year of publication | 2013. |
| 300 ## - PHYSICAL DESCRIPTION | |
| Number of Pages | xiii, 140 p. |
| 650 #0 - SUBJECT ADDED ENTRY--TOPICAL TERM | |
| Topical Term | American poetry |
| Topical Term | American poetry |
| Topical Term | Freedom of expression |
| Topical Term | Human rights |
| Topical Term | Liberty |
| Topical Term | Protest poetry, American. |
| 700 1# - ADDED ENTRY--PERSONAL NAME | |
| Personal name | Mason, David, |
| Personal name | Wolpe, Sholeh. |
| 856 40 - ELECTRONIC LOCATION AND ACCESS | |
| Uniform Resource Identifier | http://site.ebrary.com/lib/rucke/Doc?id=10667438 |
No items available.
